|
|
|
|
| LEADER |
00000nab a2200000 a 4500 |
| 001 |
vtls000392481 |
| 003 |
SK-MaSNL |
| 005 |
20260304015537.0 |
| 008 |
230120c1990 xo 0 slo |
| 015 |
|
|
|a SNBRB19rr/mm-uuuuu
|
| 035 |
|
|
|a CL0392605
|
| 035 |
|
|
|a urn:nbn:sk:snk-ab6vay
|
| 035 |
|
|
|a (uuid)63cebb5e-2b6e-4640-a386-af332c737c5b
|
| 035 |
|
|
|a (urnnbn)urn:nbn:sk:snk:ar-a060km
|
| 035 |
|
|
|a (sysno)vtls000392481
|
| 040 |
|
|
|a SNKBUCL
|b slo
|c SNKBUCL
|e AACR2
|
| 041 |
0 |
|
|a slo
|
| 044 |
|
|
|a xo
|c SK
|
| 080 |
|
|
|a 615.32
|2 1981
|
| 080 |
|
|
|a 613.292
|2 1981
|
| 100 |
1 |
|
|a Machovičová, Filipína,
|d 1925-2005
|4 aut
|9 250653
|
| 245 |
1 |
0 |
|a Súčasný pohľad na liečivé rastliny a čajoviny
|c Fila Machovičová
|
| 300 |
|
|
|b Obr. 3.
|
| 650 |
0 |
7 |
|a liečivé rastliny
|2 snkbucl
|9 3510
|
| 650 |
0 |
7 |
|a čajoviny
|2 snkbucl
|9 1296837
|
| 655 |
|
7 |
|a články z novín a časopisov
|2 snkbucl
|9 267496
|
| 773 |
0 |
|
|t Výživa a zdravie
|g Roč. 35, č. 8 (1990), s. 147-149
|
| 850 |
|
|
|a Slovenská národná knižnica v Martine
|a MTA001
|
| 852 |
|
|
|a SNK
|b KIS3GCP
|
| 954 |
|
|
|a odborná, vedecká literatúra pôvodná (slovenská)
|2 lita
|
| 958 |
|
|
|a RK
|
| 958 |
|
|
|a MI
|
| 958 |
|
|
|a OND
|
| 958 |
|
|
|a EUIPO
|
| 958 |
|
|
|a article27
|
| 992 |
|
|
|a RBX
|
| 999 |
|
|
|c 2592221
|d 2594151
|